LIBRARY & INFORMATION CENTRE, KCAET, TAVANUR

ONLINE PUBLIC ACCESS CATALOGUE (OPAC)

Development and performance evaluation of a low cost water - wheel for lifting water at low heads (Record no. 15257)

MARC details
000 -LEADER
fixed length control field 00682nam a22001697a 4500
003 - CONTROL NUMBER IDENTIFIER
control field OSt
088 ## - REPORT NUMBER
Report number T 09
100 ## - MAIN ENTRY--AUTHOR NAME
Personal name JAYAN P. R
245 ## - TITLE STATEMENT
Title Development and performance evaluation of a low cost water - wheel for lifting water at low heads
260 ## - PUBLICATION, DISTRIBUTION, ETC. (IMPRINT)
Place of publication Tavanur 1992
Name of publisher Kelappaji College of Agricultural Engineering and Technology
300 ## - PHYSICAL DESCRIPTION
Number of Pages 60
500 ## - GENERAL NOTE
General note Development and performance evaluation of a low cost water - wheel for lifting water at low heads
520 ## - SUMMARY, ETC.
Summary, etc Development and performance evaluation of a low cost water - wheel for lifting water at low heads
700 ## - ADDED ENTRY--PERSONAL NAME
Personal name Er. M. R. Sankaranarayanan (Guide)
942 ## - ADDED ENTRY ELEMENTS (KOHA)
Koha item type Theses
Holdings
Collection code Home library Current library Shelving location Full call number Accession Number Koha item type Public note
Reference KAUAET KAUAET Reference 631.3 JAY/DE T 09 Theses M.Tech Thesis
free website counter